Catálogo
 En Linea

Les compagnies de colonisation : (Registro nro. 33457)

Detalles MARC
000 -CABECERA
campo de control de longitud fija 00448nam a2200145 a 4500
001 - NÚMERO DE CONTROL
campo de control 000033966
005 - FECHA Y HORA DE LA ÚLTIMA TRANSACCIÓN
campo de control 20200930070648.0
008 - DATOS DE LONGITUD FIJA--INFORMACIÓN GENERAL
campo de control de longitud fija 110915s1898 fr 000 0 fre d
040 ## - FUENTE DE LA CATALOGACIÓN
Centro catalogador/agencia de origen DO-SdBNP
Lengua de catalogación spa
Centro/agencia transcriptor BNPHU
082 ## - NÚMERO DE LA CLASIFICACIÓN DECIMAL DEWEY
Número de clasificación C434c
100 1# - ENTRADA PRINCIPAL--NOMBRE DE PERSONA
Nombre de persona Chailley-Bert, J.
9 (RLIN) 59427
245 10 - MENCIÓN DE TÍTULO
Título Les compagnies de colonisation :
Resto del título sous l' ancien régime /
Mención de responsabilidad, etc. J. Chailley-Bert.
260 ## - PUBLICACIÓN, DISTRIBUCIÓN, ETC.
Lugar de publicación, distribución, etc. París, Francia :
Nombre del editor, distribuidor, etc. Armand Colin Et C.,
Fecha de publicación, distribución, etc. 1898.
300 ## - DESCRIPCIÓN FÍSICA
Extensión 192 p. ;
Dimensiones 17 cm.
Existencias
Estado de retiro Estado de pérdida Restricciones de uso No para préstamo Código de colección Localización permanente Ubicación/localización actual Ubicación en estantería Fecha de adquisición Número de inventario Total de préstamos Signatura topográfica completa Código de barras Fecha visto por última vez Precio válido a partir de Tipo de ítem Koha
      Excluido de préstamo Raros y valiosos General General En catalogación 15.09.2011 LF1   C434c 33966-10 25.06.2020 25.06.2020 No se presta

Con tecnología Koha